000 01010nam a2200289 i 4500
003 EG-GICUC
005 20260121101233.0
008 251117s1950 fr ||||fr|||| 000 0 fre d
040 _aEG-GiCUC
_bfre
_cEG-GiCUC
_dEG-GiCUC
_eRda
082 0 4 _221
_a339.2
_bBR . F
092 0 4 _221
_a339.2
_b BR . F
099 _aLaw1 13 339.2 BR . F 1950
100 1 _aBrochier , Hubert
_eAuteur
245 1 0 _aFinances Publiques Et Redistribution Des Revenus /
_cHubert Brochier ,Jean Marchal.
264 1 _aParis :
_bLibrairie Armand-colin,
_c1950.
300 _a239 page :
_billustration ;
_c 24 cm.
336 _2rda contenu
_a texte
337 _2rda medias
_aOrdinateur
338 _2 transporteur rda
_a Ressource en ligne
504 _aBibliography: pages 200-250. 240-220
650 1 4 _aFinances publiques et législation fiscale
_2
651 1 _2
700 1 _aJean Marchal
_ePrésident
856 4 0 _uhttps://fll.law.cu.edu.eg/fulltext/bks/B13-07675.pdf
905 _a50
_eHassnaa
942 _2ddc
_cBK
_e21
_n0
999 _c43850
_d43850